|
|
|
|
| LEADER |
00000cam a2200000 7i4500 |
| 001 |
0000140608 |
| 005 |
20210505.0 |
| 008 |
210505t20142018my xi h0 k eng |
| 020 |
|
|
|a 9789674910075
|
| 040 |
|
|
|a PERPUSTAM
|b eng
|c PERPUSTAM
|e rda
|
| 090 |
0 |
0 |
|a 174.2
|b AAH
|
| 100 |
0 |
|
|a Aburezak Abdulahi Hashi ,
|e author
|
| 245 |
1 |
0 |
|a BIOETHICS :
|b A Comparative Study of its Concepts, Issues and Approaches
|c Aburezak Abdulahi Hashi
|
| 264 |
|
1 |
|a Kuala Lumpur :
|b IIUM Press
|c 2018
|
| 300 |
|
|
|a xvii,208 pages
|
| 336 |
|
|
|a text
|2 rdacontent
|
| 337 |
|
|
|a unmediated
|2 rdamedia
|
| 338 |
|
|
|a volume
|2 rdacarrier
|
| 500 |
|
|
|a Includes index
|
| 650 |
1 |
0 |
|a Medical ethics
|x Religious aspects
|x Islam
|
| 650 |
2 |
0 |
|a Bioethics
|x Religious aspets
|x Islam
|
| 650 |
2 |
0 |
|a Government publications
|z Malaysia
|
| 999 |
|
|
|a 0000676333
|b Buku
|c Rak Terbuka
|e Perbadanan Perpustakaan Awam Melaka
|
| 999 |
|
|
|a 0000676334
|b Buku
|c Rak Terbuka
|e Perpustakaan Cawangan Jasin
|
| 999 |
|
|
|a 0000676335
|b Buku
|c Rak Terbuka
|e Perpustakaan Cawangan Masjid Tanah
|
| 999 |
|
|
|a 0000676336
|b Buku
|c Rak Terbuka
|e Perpustakaan Cawangan Merlimau
|
| 999 |
|
|
|a 0000676337
|b Buku
|c Rak Terbuka
|e Perbadanan Perpustakaan Awam Melaka
|
| 999 |
|
|
|a 0000676338
|b Buku
|c Rak Terbuka
|e Perbadanan Perpustakaan Awam Melaka
|
| 999 |
|
|
|a 0000676339
|b Buku
|c Rak Terbuka
|e Perpustakaan Komuniti UTC Melaka
|